000 00743nam a2200253Ia 4500
003 OSt
005 20220923223335.0
006 a|||||r|||| 00| 0
007 ta
008 220922b |||||||| |||| 00| 0 hin d
024 _a213,643
037 _cTextual
040 _aARTS
_cARTS
_bhin
041 _2hin
_ahin
082 _aO152,3M88,SH, M4
100 _aचतुूरसेन
_9156277
245 0 _aशुभदा
246 _aShubhadā
260 _aदिल्ली
_b प्रभात प्रका0
_c1984
300 _a161 पृ.
_ccm.
650 _aहिन्दी साहित्य
_9156264
942 _hO152,3M88,SH, M4
_cTEXL
_2CC
999 _c363851
_d363851